Dante et la philosophie catholique au treizième siècle / (Record no. 161203)
[ view plain ]
| 000 -LEADER | |
|---|---|
| campo de control de longitud fija | 00801nam a2200217 i 4500 |
| 001 - NÚMERO DE CONTROL | |
| campo de control | 161203 |
| 003 - IDENTIFICADOR DE NÚMERO DE CONTROL | |
| campo de control | ES-MaACL |
| 005 - FECHA Y HORA DE LA ÚLTIMA TRANSACCIÓN | |
| campo de control | 20250804074423.0 |
| 008 - DATOS DE LONGITUD FIJA--INFORMACIÓN GENERAL | |
| campo de control de longitud fija | 041020s1855 fr |||| | fre d |
| 100 0# - ENTRADA PRINCIPAL--NOMBRE DE PERSONA | |
| Nombre de persona | Federico Ozanam |
| Títulos y otros términos asociados al nombre | Beato. |
| 9 (RLIN) | 88069 |
| 245 10 - MENCIÓN DEL TÍTULO | |
| Título | Dante et la philosophie catholique au treizième siècle / |
| Mención de responsabilidad, etc. | par A.F. Ozanam. |
| 250 ## - MENCION DE EDICION | |
| Mención de edición | 3e éd. |
| 260 ## - PUBLICACIÓN, DISTRIBUCIÓN, ETC. | |
| Lugar de publicación, distribución, etc. | Paris : |
| Nombre del editor, distribuidor, etc. | Jacques Lecoffre, |
| Fecha de publicación, distribución, etc. | 1855 ( |
| Fabricante | Imp. Simon Raçon et comp.) |
| 300 ## - DESCRIPCIÓN FÍSICA | |
| Extensión | 492 p. ; |
| Dimensiones | 22 cm. |
| 490 1# - MENCIÓN DE SERIE | |
| Mención de serie | Oeuvres complètes de A.F. Ozanam ; |
| Designación de volumen o secuencia | 6 |
| 600 04 - PUNTO DE ACCESO ADICIONAL DE MATERIA--NOMBRE DE PERSONA | |
| Nombre de persona | Dante Alighieri, |
| Fechas asociadas al nombre | 1265-1321- |
| Subdivisión general | Crítica e interpretación |
| 9 (RLIN) | 42658 |
| 650 #7 - PUNTO DE ACCESO ADICIONAL DE MATERIA--TÉRMINO DE MATERIA | |
| Término de materia o nombre geográfico como elemento de entrada | Filosofía medieval |
| Fuente del encabezamiento o término | embne |
| 9 (RLIN) | 12857 |
| 830 1# - PUNTO DE ACCESO ADICIONAL DE SERIE-TÍTULO UNIFORME | |
| Título uniforme | Oeuvres complètes de A.F. Ozanam ; |
| Designación de volumen o secuencia | 6 |
| 9 (RLIN) | 188325 |
| 852 ## - LOCALIZACIÓN | |
| Ubicación | ES-MaACL |
| Número de control de estantería | G-8323 |
| Nota libre | - Enc. hol. |
| Estatus retirado | Estado de pérdida | Estado de daño | No para préstamo | Colección | Biblioteca de origen | Biblioteca actual | Ubicación en estantería | Fecha de adquisición | Fuente de adquisición | Total de préstamos | Signatura topográfica completa | Código de barras | Visto por última vez | Precio de reemplazo | Tipo de ítem Koha |
|---|---|---|---|---|---|---|---|---|---|---|---|---|---|---|---|
| Libros del s. XIX | Biblioteca del Ateneo de Madrid | Biblioteca del Ateneo de Madrid | Sala Pecera Planta 3 | 17/01/2008 | G-8323 | 1168847 | 23/02/2023 | 23/02/2023 | Libro impreso antiguo |
